000 00317nam a22001217a 4500
999 _c11230
_d11230
008 181106b ||||| |||| 00| 0 eng d
020 _a9387516644
100 _aGandhi Poonam
_96982
245 _aBusiness Studies-XII
260 _aNew Delhi
_bVK Global Publications
_c2018-19
300 _aPaper Bag
942 _2ddc
_cBK